| 000 | 00353 a2200157 4500 | ||
|---|---|---|---|
| 001 | 56820 | ||
| 020 | _a8508101139 | ||
| 040 | _cAnchieta - Pituba | ||
| 100 | _aGomes, Álvaro Cardoso | ||
| 240 | 1 | 0 |
_aA prima de um amigo meu _lpor |
| 245 | 1 | 0 | _aA prima de um amigo meu |
| 300 | _a168 | ||
| 362 | 0 | _a2006 | |
| 650 | 4 | _aLiteratura juvenil | |
| 942 | _cBK | ||
| 999 |
_c56820 _d56820 |
||